<?xml version="1.0" encoding="UTF-8"?>
<record
    xmlns:xsi="http://www.w3.org/2001/XMLSchema-instance"
    xsi:schemaLocation="http://www.loc.gov/MARC21/slim http://www.loc.gov/standards/marcxml/schema/MARC21slim.xsd"
    xmlns="http://www.loc.gov/MARC21/slim">

  <leader>01419ngm a2200217Ic 4500</leader>
  <datafield tag="020" ind1=" " ind2=" ">
    <subfield code="a">2706808314</subfield>
  </datafield>
  <datafield tag="040" ind1=" " ind2=" ">
    <subfield code="c">por</subfield>
  </datafield>
  <datafield tag="041" ind1="0" ind2=" ">
    <subfield code="h">por</subfield>
  </datafield>
  <datafield tag="082" ind1=" " ind2=" ">
    <subfield code="a">633 SILV 1983 C282 Or.</subfield>
  </datafield>
  <datafield tag="100" ind1=" " ind2=" ">
    <subfield code="a">LE MANIOC</subfield>
  </datafield>
  <datafield tag="245" ind1="0" ind2="0">
    <subfield code="a">Silvestre /</subfield>
  </datafield>
  <datafield tag="300" ind1=" " ind2=" ">
    <subfield code="a">1 online resource (1 video file (1 hr., 53 min., 3 sec)) :</subfield>
    <subfield code="b">sound, color.</subfield>
  </datafield>
  <datafield tag="500" ind1=" " ind2=" ">
    <subfield code="a">Originally released by Films Sans Frontieres, 1981.</subfield>
  </datafield>
  <datafield tag="500" ind1=" " ind2=" ">
    <subfield code="a">Title from distributor's description</subfield>
  </datafield>
  <datafield tag="520" ind1=" " ind2=" ">
    <subfield code="a">While a nobleman is away to visit and invite the king to his daughter's upcoming wedding, a strange pilgrim knocks on his door for shelter. Said visit ends in a violent confrontation and the pilgrim takes on different identities to seek revenge. Meanwhile the nobleman goes missing and his daughter has to pose as a young knight to save him. Set in medieval times, the movie makes use of theatrical sets, lyrical language and a languid rhythm to give it a unique feeling of a folk tale being transmitted from long ago. The cast is led by the 15-year-old Maria de Medeiros and Jo&#xE3;o C&#xE9;sar Monteiro's frequent collaborator Lu&#xED;s Miguel Cintra.</subfield>
  </datafield>
  <datafield tag="710" ind1="2" ind2=" ">
    <subfield code="a">Infobase</subfield>
  </datafield>
  <datafield tag="710" ind1="2" ind2=" ">
    <subfield code="a">Films Sans Frontieres (Firm)</subfield>
  </datafield>
  <datafield tag="856" ind1="4" ind2="0">
    <subfield code="u">https://ezproxy.spl.org/login?url=https://jfk.infobase.com/PortalPlaylists.aspx?wID=79331&amp;xtid=160566</subfield>
  </datafield>
  <datafield tag="856" ind1="4" ind2="2">
    <subfield code="u">https://cdnsecakmi.kaltura.com/p/1067292/sp/106729200/thumbnail/entry_id/0_bvoqmpzo/version/100002/width/88</subfield>
  </datafield>
  <datafield tag="942" ind1=" " ind2=" ">
    <subfield code="c">AEDBB</subfield>
  </datafield>
  <datafield tag="999" ind1=" " ind2=" ">
    <subfield code="c">21491</subfield>
    <subfield code="d">21491</subfield>
  </datafield>
  <datafield tag="952" ind1=" " ind2=" ">
    <subfield code="0">0</subfield>
    <subfield code="1">0</subfield>
    <subfield code="4">0</subfield>
    <subfield code="6">633_000000000000000_SILV_1983_C282_OR</subfield>
    <subfield code="7">0</subfield>
    <subfield code="9">93475</subfield>
    <subfield code="a">LBC</subfield>
    <subfield code="b">LBC</subfield>
    <subfield code="c">C282</subfield>
    <subfield code="d">2023-06-23</subfield>
    <subfield code="o">633 SILV 1983 C282 Or.</subfield>
    <subfield code="p">a13958</subfield>
    <subfield code="r">2023-06-23</subfield>
    <subfield code="w">2023-06-23</subfield>
    <subfield code="y">EK</subfield>
  </datafield>
</record>
